Pays où l'homosexualité est passible de peine de mort - Statistiques

Statistiques générales
  • Ce quiz a été pris 256 fois
  • Le résultat moyen est 9 sur 13
Statistiques - réponses
Pays % Correct
Arabie Saoudite
90%
Iran
90%
Irak (partiellement)
84%
Qatar
84%
Afghanistan
83%
Pakistan
79%
Yémen
77%
Syrie (partiellement)
73%
Soudan
64%
Somalie (partiellement)
60%
Nigeria (partiellement)
54%
Mauritanie
50%
Brunei
38%
Aucun quiz correspondant
Distribution des résultats
% des personnes avec chaque résultat
Percentile par nombre de réponses
Votre historique - résultats
Vous n’avez pas pris ce quiz